Chansons de Daniel Balavoine - Statistiques

Statistiques générales
  • Ce quiz a été pris 46 fois
  • Le résultat moyen est 15 sur 81
Statistiques - réponses
Album Titre % Correct
Sauver l'amour 3 L'Aziza
97%
Le Chanteur 6 Le Chanteur
89%
Sauver l'amour 2 Tous les cris les S.O.S.
83%
Un autre monde 1 Mon fils ma bataille
81%
Sauver l'amour 5 Sauver l'amour
67%
Vendeurs de larmes 2 Vivre ou survivre
58%
Un autre monde 5 Je ne suis pas un héros
53%
De vous à elle en passant par moi 1 De vous à elle en passant par moi
44%
Vendeurs de larmes 10 Vendeurs de larmes
44%
Le Chanteur 5 Lucie
42%
Sauver l'amour 1 Aimer est plus fort que d'être aimé
39%
Face amour / Face amère 1 Face amour / Face amère
36%
Un autre monde 7 La vie ne m'apprend rien
36%
Le Chanteur 1 Les Oiseaux (1re partie)
36%
Le Chanteur 2 Les Oiseaux (2e partie)
36%
Les Aventures de Simon et Gunther... 8 Lady Marlène
33%
Un autre monde 4 Lipstick Polychrome
31%
Loin des yeux de l'Occident 1 Pour la femme veuve qui s'éveille
25%
Un autre monde 10 Un autre monde
25%
Sauver l'amour 7 Petit Homme mort au combat
22%
Face amour / Face amère 3 Me laisse pas m'en aller
19%
Sauver l'amour 6 Petite Angèle
19%
Vendeurs de larmes 6 Soulève-moi
19%
Vendeurs de larmes 4 Dieu que l'amour est triste
17%
Le Chanteur 3 France
17%
Loin des yeux de l'Occident 4 Frappe avec ta tête
17%
Le Chanteur 9 Le Pied par terre
17%
Un autre monde 9 Mort d'un robot
17%
Loin des yeux de l'Occident 6 Partir avant les miens
17%
Le Chanteur 10 Des gens comme vous
14%
Sauver l'amour 4 Le blues est blanc
14%
Sauver l'amour 8 Ne parle pas de malheur
14%
Sauver l'amour 9 Un enfant assis attend la pluie
14%
Un autre monde 8 Allez hop !
11%
Un autre monde 3 Bateau toujours
11%
Le Chanteur 4 C'est un voyou
11%
Un autre monde 6 Détournement
11%
Les Aventures de Simon et Gunther... 2 La porte est close
11%
Les Aventures de Simon et Gunther... 3 La Réponse
11%
Les Aventures de Simon et Gunther... 7 Les Aventures de Simon et Gunther Stein
11%
Les Aventures de Simon et Gunther... 4 Mon pauvre Gunther
11%
Loin des yeux de l'Occident 9 Revolución
11%
Le Chanteur 7 Si je suis fou
11%
Loin des yeux de l'Occident 2 Supporter
11%
Loin des yeux de l'Occident 5 Vidéo "Série noire"
11%
Loin des yeux de l'Occident 3 Les Petits Lolos
8%
Les Aventures de Simon et Gunther... 6 Lise Altmann
8%
Face amour / Face amère 4 Love Linda
8%
Face amour / Face amère 5 Tu me plais beaucoup
8%
Un autre monde 2 10 000 Mètres
6%
Vendeurs de larmes 5 C'est fini
6%
Face amour / Face amère 7 Dancing Samedi
6%
Face amour / Face amère 9 Drôle de galaxie
6%
De vous à elle en passant par moi 7 Évelyne et moi
6%
Les Aventures de Simon et Gunther... 5 J’entends cogner ton cœur
6%
Vendeurs de larmes 12 La Danse
6%
Vendeurs de larmes 8 La Fillette de l'étang
6%
Les Aventures de Simon et Gunther... 9 La Lettre à Marie
6%
Les Aventures de Simon et Gunther... 10 Ma musique et mon patois
6%
Le Chanteur 8 Oiseau de nuit
6%
De vous à elle en passant par moi 4 Pauvre Nicolas
6%
Vendeurs de larmes 1 Pour faire un disque
6%
Face amour / Face amère 10 Rougeagèvre
6%
Face amour / Face amère 2 Toi et moi
6%
Vendeurs de larmes 11 Viens danser
6%
Vendeurs de larmes 13 Au revoir
3%
Face amour / Face amère 6 Ces petits riens
3%
Les Aventures de Simon et Gunther... 1 Correspondances
3%
De vous à elle en passant par moi 8 Couleurs d'automne
3%
Loin des yeux de l'Occident 8 Élu par les bœufs
3%
Vendeurs de larmes 3 Je veux de l'or
3%
De vous à elle en passant par moi 5 L'alcool n'y change rien
3%
De vous à elle en passant par moi 10 Mona Lisa Suite
3%
Face amour / Face amère 8 Pauvre Bobby
3%
Loin des yeux de l'Occident 7 Poisson dans la cage
3%
De vous à elle en passant par moi 2 Vis loin de moi
3%
Vendeurs de larmes 9 Y a pas de bon numéro
3%
Vendeurs de larmes 7 L'Amour gardé secret
0%
De vous à elle en passant par moi 9 L'Enfant aux yeux d'Italie
0%
De vous à elle en passant par moi 3 Pas plus intelligent
0%
De vous à elle en passant par moi 6 Tes pieds toucheront par terre
0%
Aucun quiz correspondant
Distribution des résultats
% des personnes avec chaque résultat
Percentile par nombre de réponses
Votre historique - résultats
Vous n’avez pas pris ce quiz